[Event "Titled Tuesday intern op 04th Oct Early"]
[Site "Chess.com INT"]
[Date "2022.10.04"]
[Round "6"]
[White "Coelho, Ramyres Santana"]
[Black "Grela, Kacper"]
[Result "1-0"]
[WhiteElo "1981"]
[BlackElo "2355"]
[PlyCount "57"]
[EventDate "2022.10.04"]
[EventType "swiss (blitz)"]
[EventRounds "11"]
[EventCountry "USA"]
[SourceTitle "EXT 2023"]
[Source "ChessBase"]
[SourceDate "2022.10.05"]
[SourceVersion "1"]
[SourceVersionDate "2022.10.05"]
[SourceQuality "1"]

1. e4 c5 2. Nf3 Nc6 3. d4 cxd4 4. c3 d5 5. e5 Bg4 6. Bf4 e6 7. h3 Bxf3 8. Qxf3 Nge7 9. Bd3 Ng6 10. Bxg6 hxg6 11. 0-0 Bc5 12. Nd2 dxc3 13. bxc3 0-0 14. Qg3 Rc8 15. Rac1 Be7 16. Nf3 Qa5 17. h4 Qxa2 18. h5 gxh5 19. Bh6 g6 20. Bg5 Bxg5 21. Qxg5 Qc4 22. Qh6 Rc7 23. Ng5 Rfc8 24. Nh7 f5 25. Nf6+ Kf7 26. Qh7+ Kf8 27. Qg8+ Ke7 28. Qg7+ Kd8 29. Qf8# 1-0

[Event "Titled Tuesday intern op 04th Oct Early"]
[Site "Chess.com INT"]
[Date "2022.10.04"]
[Round "5"]
[White "Grela, Kacper"]
[Black "Principe, Gerson"]
[Result "0-1"]
[WhiteElo "2355"]
[BlackElo "2229"]
[PlyCount "104"]
[EventDate "2022.10.04"]
[EventType "swiss (blitz)"]
[EventRounds "11"]
[EventCountry "USA"]
[SourceTitle "EXT 2023"]
[Source "ChessBase"]
[SourceDate "2022.10.05"]
[SourceVersion "1"]
[SourceVersionDate "2022.10.05"]
[SourceQuality "1"]

1. e4 c5 2. Nf3 e6 3. d4 cxd4 4. Nxd4 Nf6 5. Bd3 Nc6 6. Nxc6 bxc6 7. e5 Qa5+ 8. Nc3 Qxe5+ 9. Be3 d5 10. Ne2 Qc7 11. 0-0 Bd6 12. Ng3 0-0 13. Nh5 Nxh5 14. Qxh5 g6 15. Qh4 Be7 16. Qa4 e5 17. f4 e4 18. Be2 c5 19. c3 f5 20. Rfd1 Be6 21. Rd2 Rfd8 22. Rad1 Rab8 23. a3 Bf6 24. Qc2 Rd7 25. Qa4 Rbd8 26. Qb5 d4 27. Bc4 Bd5 28. b4 Kg7 29. cxd4 cxd4 30. Bxd4 Bc6 31. Bxf6+ Kxf6 32. Rxd7 Bxb5 33. Rxc7 Rxd1+ 34. Kf2 Bxc4 35. Rxc4 Rd2+ 36. Kf1 Ra2 37. Rc6+ Ke7 38. Rc7+ Kd6 39. Rxa7 Kd5 40. b5 Kd4 41. b6 Ke3 42. g3 Kf3 43. Ke1 e3 44. Kd1 e2+ 45. Ke1 Ra1+ 46. Kd2 e1Q+ 47. Kd3 Rd1+ 48. Kc4 Qe4+ 49. Kc5 Rd5+ 50. Kc6 Qe6+ 51. Kc7 Rd7+ 52. Kb8 Qe8# 0-1

[Event "POL-ch Academic"]
[Site "Chorzow"]
[Date "2022.04.01"]
[Round "3"]
[White "Kaminski, Maciej1111"]
[Black "Grela, Kacper"]
[Result "1-0"]
[WhiteElo "1861"]
[BlackElo "2150"]
[PlyCount "43"]
[EventDate "2022.04.01"]
[EventType "swiss (rapid)"]
[EventRounds "9"]
[EventCountry "POL"]
[SourceTitle "EXT 2024"]
[Source "ChessBase"]
[SourceDate "2023.10.10"]
[SourceVersion "1"]
[SourceVersionDate "2023.10.10"]
[SourceQuality "1"]

1. Nf3 b6 2. g3 Bb7 3. Bg2 g6 4. 0-0 Bg7 5. d4 Nf6 6. c4 e6 7. Nc3 d5 8. Ne5 0-0 9. Bg5 c6 10. e4 dxc4 11. Ng4 h5 12. Nxf6+ Bxf6 13. Bxf6 Qxf6 14. e5 Qd8 15. Ne4 Nd7 16. Nd6 Qc7 17. Qc1 Rad8 18. Qh6 Ba8 19. Ne4 f5 20. Qxg6+ Kh8 21. Qxh5+ Kg7 22. Ng5 1-0

[Event "Titled Tuesday intern op 31st Aug"]
[Site "Chess.com INT"]
[Date "2021.08.31"]
[Round "5"]
[White "Desideri, Ricardo Maruchi"]
[Black "Grela, Kacper"]
[Result "0-1"]
[WhiteElo "1939"]
[BlackElo "2368"]
[PlyCount "44"]
[EventDate "2021.08.31"]
[EventType "swiss (blitz)"]
[EventRounds "11"]
[EventCountry "USA"]
[SourceTitle "EXT 2022"]
[Source "ChessBase"]
[SourceDate "2021.10.06"]
[SourceVersion "1"]
[SourceVersionDate "2021.10.06"]
[SourceQuality "1"]

1. e4 c5 2. Nf3 Nc6 3. d4 cxd4 4. Nxd4 Nf6 5. Nc3 d6 6. Be3 e5 7. Nb3 Be7 8. f3 0-0 9. Qd2 a5 10. a4 Nb4 11. Be2 Be6 12. 0-0 d5 13. Nxd5 Nfxd5 14. exd5 Nxd5 15. Bf2 Nf4 16. Bb5 Qc7 17. Rac1 Rfd8 18. Qe3 Bg5 19. Qb6 Qe7 20. Nc5 Nh3+ 21. gxh3 Bxc1 22. Rxc1 Qg5+ 0-1

[Event "Titled Tuesday intern op 31st Aug"]
[Site "Chess.com INT"]
[Date "2021.08.31"]
[Round "8"]
[White "Grela, Kacper"]
[Black "Hartikainen, Jarmo"]
[Result "1-0"]
[WhiteElo "2368"]
[BlackElo "2142"]
[PlyCount "67"]
[EventDate "2021.08.31"]
[EventType "swiss (blitz)"]
[EventRounds "11"]
[EventCountry "USA"]
[SourceTitle "EXT 2022"]
[Source "ChessBase"]
[SourceDate "2021.10.06"]
[SourceVersion "1"]
[SourceVersionDate "2021.10.06"]
[SourceQuality "1"]

1. e4 c5 2. Nf3 Nc6 3. d4 cxd4 4. Nxd4 Nf6 5. Nc3 d6 6. Bg5 e6 7. Qd2 a6 8. 0-0-0 Bd7 9. f4 h6 10. Bh4 g5 11. fxg5 Ng4 12. Nf3 Nge5 13. Kb1 Be7 14. Bd3 b5 15. Rhf1 Rc8 16. Bg3 hxg5 17. Nxe5 Nxe5 18. Bxe5 dxe5 19. Qf2 Rh7 20. Ne2 Qc7 21. Ng3 a5 22. Nh5 b4 23. Nf6+ Bxf6 24. Qxf6 a4 25. Qxg5 b3 26. Qg8+ Ke7 27. Qxh7 a3 28. Rxf7+ Kd8 29. Rxd7+ Qxd7 30. Qxd7+ Kxd7 31. Ba6+ Kc7 32. Bxc8 bxc2+ 33. Kxc2 Kxc8 34. bxa3 1-0

[Event "Titled Tuesday intern op 31st Aug"]
[Site "Chess.com INT"]
[Date "2021.08.31"]
[Round "4"]
[White "Suvorov, Luca"]
[Black "Grela, Kacper"]
[Result "1-0"]
[WhiteElo "2292"]
[BlackElo "2368"]
[PlyCount "55"]
[EventDate "2021.08.31"]
[EventType "swiss (blitz)"]
[EventRounds "11"]
[EventCountry "USA"]
[SourceTitle "EXT 2022"]
[Source "ChessBase"]
[SourceDate "2021.10.06"]
[SourceVersion "1"]
[SourceVersionDate "2021.10.06"]
[SourceQuality "1"]

1. d4 Nf6 2. c4 e6 3. Nc3 d5 4. cxd5 exd5 5. Bg5 c6 6. e3 Be7 7. Bd3 0-0 8. Qc2 h6 9. Bh4 Nbd7 10. Nf3 a6 11. 0-0 Re8 12. h3 Nf8 13. Ne5 Be6 14. f4 Rc8 15. Rae1 c5 16. Qf2 c4 17. Bb1 b5 18. a3 Qd6 19. g4 Rb8 20. Qg2 b4 21. axb4 Rxb4 22. g5 hxg5 23. fxg5 N6d7 24. Bg3 Nxe5 25. Bxe5 Qb6 26. Nxd5 Bxd5 27. Qxd5 Rxb2 28. Qxf7+ 1-0

[Event "POL-chT Academic"]
[Site "Chorzow"]
[Date "2021.05.16"]
[Round "9.15"]
[White "Stylinski, Piotr"]
[Black "Grela, Kacper"]
[Result "0-1"]
[WhiteElo "1868"]
[BlackElo "2368"]
[PlyCount "54"]
[EventDate "2021.05.15"]
[EventType "team-swiss (rapid)"]
[EventRounds "9"]
[EventCountry "POL"]
[SourceTitle "CBM 202 Extra"]
[Source "ChessBase"]
[SourceDate "2021.07.31"]
[SourceVersion "1"]
[SourceVersionDate "2021.07.31"]
[SourceQuality "1"]
[WhiteTeam "Poznan Mickiewicz Univ"]
[BlackTeam "Wroclaw Politechnik"]
[WhiteTeamCountry "POL"]
[BlackTeamCountry "POL"]

1. e4 c5 2. Nf3 Nc6 3. d4 cxd4 4. Nxd4 Nf6 5. Nc3 d6 6. f4 e5 7. Nf3 Bg4 8. h3 Bxf3 9. Qxf3 Be7 10. Bd3 Qb6 11. Rb1 Rc8 12. Be3 Nd4 13. Qf2 Rxc3 14. 0-0 Rxd3 15. cxd3 0-0 16. g4 Nd7 17. Rbc1 Nc5 18. Rc3 Na4 19. Rb3 Qa6 20. Bxd4 exd4 21. Qxd4 Bf6 22. e5 dxe5 23. fxe5 Be7 24. Qd7 Bc5+ 25. d4 Nb6 26. Rxb6 Bxb6 27. Kh1 Qxf1+ 0-1

[Event "POL-chT Academic"]
[Site "Chorzow"]
[Date "2021.05.15"]
[Round "3.21"]
[White "Cieslak, Patrycjusz"]
[Black "Grela, Kacper"]
[Result "0-1"]
[WhiteElo "2055"]
[BlackElo "2368"]
[PlyCount "86"]
[EventDate "2021.05.15"]
[EventType "team-swiss (rapid)"]
[EventRounds "9"]
[EventCountry "POL"]
[SourceTitle "CBM 202 Extra"]
[Source "ChessBase"]
[SourceDate "2021.07.31"]
[SourceVersion "1"]
[SourceVersionDate "2021.07.31"]
[SourceQuality "1"]
[WhiteTeam "Katowice Slaski Univ"]
[BlackTeam "Wroclaw Politechnik"]
[WhiteTeamCountry "POL"]
[BlackTeamCountry "POL"]

1. d4 d5 2. c4 e6 3. Nf3 Nf6 4. g3 dxc4 5. Bg2 Be7 6. 0-0 0-0 7. a4 Bd7 8. Ne5 Bc6 9. Nxc6 Nxc6 10. e3 Nd5 11. Qc2 Na5 12. Bd2 Nb3 13. Ra2 Nxd2 14. Qxd2 c6 15. Nc3 Bb4 16. e4 Nf6 17. Rd1 a6 18. Qe2 b5 19. d5 Bxc3 20. bxc3 exd5 21. exd5 cxd5 22. Rad2 Qa5 23. axb5 Rfe8 24. Qf1 axb5 25. Bxd5 Nxd5 26. Rxd5 Qxc3 27. Rxb5 Rac8 28. Rc1 Qf3 29. Qg2 Qf6 30. Qd5 c3 31. Rc5 Red8 32. Qc4 Rxc5 33. Qxc5 h5 34. Rxc3 h4 35. gxh4 Qxh4 36. h3 Qe4 37. Kh2 Rd1 38. f3 Qf4+ 39. Kg2 Rd2+ 40. Kf1 g6 41. Qe3 Qh2 42. Ke1 Ra2 43. Rc8+ Kh7 0-1

[Event "POL-ch Academic"]
[Site "Chorzow"]
[Date "2021.05.14"]
[Round "4.11"]
[White "Lewtak, Dominik"]
[Black "Grela, Kacper"]
[Result "1-0"]
[WhiteElo "2165"]
[BlackElo "2368"]
[PlyCount "59"]
[EventDate "2021.05.14"]
[EventType "swiss (rapid)"]
[EventRounds "9"]
[EventCountry "POL"]
[SourceTitle "CBM 202 Extra"]
[Source "ChessBase"]
[SourceDate "2021.07.31"]
[SourceVersion "1"]
[SourceVersionDate "2021.07.31"]
[SourceQuality "1"]

1. c4 b6 2. d4 Bb7 3. d5 e6 4. e4 Bb4+ 5. Bd2 Qe7 6. Bxb4 Qxb4+ 7. Qd2 Qe7 8. Be2 d6 9. Nc3 Nf6 10. f4 exd5 11. exd5 c6 12. dxc6 Nxc6 13. 0-0-0 Rd8 14. Bf3 0-0 15. g4 Na5 16. g5 Ne4 17. Qe2 Rfe8 18. Re1 Nf2 19. Qxe7 Rxe7 20. Rxe7 Bxf3 21. Nxf3 Nxh1 22. b3 Nf2 23. Kd2 d5 24. Nxd5 Nc6 25. Rc7 Nb4 26. Ke3 Nd1+ 27. Ke2 Nxd5 28. cxd5 Nb2 29. Rc2 Re8+ 30. Kd2 1-0

[Event "POL-chT 2nd League"]
[Site "Poronin"]
[Date "2020.09.09"]
[Round "5.9"]
[White "Baum, Jonasz"]
[Black "Grela, Kacper"]
[Result "1/2-1/2"]
[WhiteElo "2299"]
[BlackElo "2377"]
[PlyCount "49"]
[EventDate "2020.09.05"]
[EventType "team-swiss"]
[EventRounds "9"]
[EventCountry "POL"]
[SourceTitle "CBM 198 Extra"]
[Source "ChessBase"]
[SourceDate "2020.11.30"]
[SourceVersion "1"]
[SourceVersionDate "2020.11.30"]
[SourceQuality "1"]
[WhiteTeam "Warszawa Czternastka"]
[BlackTeam "Legnica Miedz"]
[WhiteTeamCountry "POL"]
[BlackTeamCountry "POL"]

1. e4 c5 2. Nf3 Nc6 3. Bb5 d6 4. 0-0 Bd7 5. Re1 Nf6 6. c3 a6 7. Bf1 Bg4 8. h3 Bxf3 9. Qxf3 g6 10. d3 Bg7 11. g3 0-0 12. Bg2 Rc8 13. Qe2 e5 14. Nd2 Re8 15. Nc4 b5 16. Ne3 Qd7 17. a4 Ne7 18. Bd2 Qb7 19. Ra2 Nc6 20. axb5 axb5 21. Rea1 Ra8 22. Qd1 Rxa2 23. Rxa2 Ra8 24. Qa1 Rxa2 25. Qxa2 1/2-1/2

[Event "POL-chT 2nd League"]
[Site "Poronin"]
[Date "2020.09.08"]
[Round "4.14"]
[White "Grela, Kacper"]
[Black "Zakrzewski, Marek"]
[Result "0-1"]
[WhiteElo "2377"]
[BlackElo "2267"]
[PlyCount "86"]
[EventDate "2020.09.05"]
[EventType "team-swiss"]
[EventRounds "9"]
[EventCountry "POL"]
[SourceTitle "CBM 198 Extra"]
[Source "ChessBase"]
[SourceDate "2020.11.30"]
[SourceVersion "1"]
[SourceVersionDate "2020.11.30"]
[SourceQuality "1"]
[WhiteTeam "Legnica Miedz"]
[BlackTeam "Lipno Steszew"]
[WhiteTeamCountry "POL"]
[BlackTeamCountry "POL"]

1. e4 e5 2. Nf3 Nc6 3. Bb5 a6 4. Ba4 Nf6 5. d3 b5 6. Bb3 Be7 7. 0-0 d6 8. a3 0-0 9. Nc3 Na5 10. Ba2 Be6 11. Nd5 Nxd5 12. Bxd5 Bxd5 13. exd5 f5 14. b4 Nb7 15. Bb2 Qd7 16. Rc1 Nd8 17. c4 Nf7 18. cxb5 axb5 19. Qc2 Bd8 20. Rfe1 Nh8 21. h4 Ng6 22. h5 Nf4 23. h6 g5 24. Qb3 Qf7 25. Bxe5 dxe5 26. Nxe5 Qxd5 27. Qxd5+ Nxd5 28. Nd7 Ne7 29. Nxf8 Kxf8 30. Rc5 c6 31. g4 Rxa3 32. gxf5 Kf7 33. d4 Rd3 34. Re4 Bc7 35. Rxe7+ Kxe7 36. f6+ Kf7 37. Rxc6 Bd8 38. Rc5 Bxf6 39. Rxb5 Rxd4 40. Kg2 Be7 41. Kg3 Rxb4 42. Rxb4 Bxb4 43. Kg4 Bd2 0-1

[Event "POL-chT 2nd League"]
[Site "Poronin"]
[Date "2020.09.07"]
[Round "3.17"]
[White "Mirski, Michal"]
[Black "Grela, Kacper"]
[Result "0-1"]
[WhiteElo "2032"]
[BlackElo "2377"]
[PlyCount "128"]
[EventDate "2020.09.05"]
[EventType "team-swiss"]
[EventRounds "9"]
[EventCountry "POL"]
[SourceTitle "CBM 198 Extra"]
[Source "ChessBase"]
[SourceDate "2020.11.30"]
[SourceVersion "1"]
[SourceVersionDate "2020.11.30"]
[SourceQuality "1"]
[WhiteTeam "Staniatki Goniec"]
[BlackTeam "Legnica Miedz"]
[WhiteTeamCountry "POL"]
[BlackTeamCountry "POL"]

1. e4 c5 2. Nf3 Nc6 3. Nc3 d6 4. d4 cxd4 5. Nxd4 Nf6 6. Bg5 e6 7. Qd2 a6 8. 0-0-0 Bd7 9. f4 Be7 10. Be2 b5 11. Bf3 Rc8 12. g4 Qb6 13. Bxf6 Bxf6 14. Nxc6 Bxc6 15. g5 Be7 16. h4 Qc5 17. Kb1 a5 18. h5 a4 19. Ne2 a3 20. Qd4 Qxd4 21. Nxd4 axb2 22. Kxb2 0-0 23. Rhg1 b4 24. f5 Ba4 25. fxe6 Rc5 26. exf7+ Rxf7 27. Bg4 Bxg5 28. Be6 Bf6 29. h6 g6 30. Kb1 Kf8 31. Rgf1 Ke7 32. Bxf7 Kxf7 33. Rf2 Ke7 34. Nb3 Rh5 35. Rdf1 Bc3 36. Rf7+ Ke6 37. Rxh7 Bc6 38. Rc7 Bxe4 39. a3 Rh2 40. Rc1 d5 41. axb4 Bxb4 42. h7 Kd6 43. Ra7 g5 44. Rg7 Bxh7 45. Nd4 Be4 46. Kb2 Bd2 47. Rf1 Bf4 48. Kb3 Be5 49. Nb5+ Kc5 50. Rxg5 Bxc2+ 51. Ka3 Bb2+ 52. Kxb2 Bd3+ 53. Kc3 Bxf1 54. Nc7 Rh3+ 55. Kd2 Bc4 56. Ne6+ Kd6 57. Nf4 Rf3 58. Ng2 d4 59. Kc2 Rf2+ 60. Kd1 d3 61. Ne3 Bb3+ 62. Kc1 d2+ 63. Kb1 Re2 64. Nf5+ Kc7 0-1

[Event "EU-ch Online U2300 Qual"]
[Site "Chess.com INT"]
[Date "2020.05.25"]
[Round "6"]
[White "Dalkowski, Rafal"]
[Black "Grela, Kacper"]
[Result "1-0"]
[WhiteElo "1877"]
[BlackElo "2377"]
[PlyCount "75"]
[EventDate "2020.05.25"]
[EventType "swiss"]
[EventRounds "8"]
[EventCountry "NET"]
[SourceTitle "EXT 2021"]
[Source "ChessBase"]
[SourceDate "2020.10.23"]
[SourceVersion "1"]
[SourceVersionDate "2020.10.23"]
[SourceQuality "1"]

1. d4 d5 2. c4 e6 3. Nc3 Be7 4. Nf3 Nf6 5. Bg5 0-0 6. e3 h6 7. Bh4 Ne4 8. Bg3 Nxg3 9. hxg3 dxc4 10. Bxc4 Nd7 11. 0-0 Nb6 12. Bd3 Nd5 13. Rc1 Bd7 14. Bb1 Nxc3 15. bxc3 c5 16. Qd3 f5 17. d5 exd5 18. Qxd5+ Kh8 19. Qxb7 Rb8 20. Qxa7 Bc6 21. Ne5 Bb7 22. Ng6+ Kh7 23. Nxf8+ Bxf8 24. Bxf5+ Kh8 25. e4 Qc7 26. Qa4 Ra8 27. Qc2 c4 28. Rcd1 Bc5 29. Rd7 Qc6 30. Qd2 Bb6 31. Rd1 Rf8 32. Rd6 Qc5 33. Rxh6+ Kg8 34. Be6+ Rf7 35. Bxf7+ Kxf7 36. Qd7+ Kg8 37. Qe8+ Qf8 38. Rh8+ 1-0

[Event "Legnica Voivoda Cup 35th"]
[Site "Legnica"]
[Date "2019.11.29"]
[Round "6"]
[White "Kantans, Toms"]
[Black "Grela, Kacper"]
[Result "1-0"]
[WhiteElo "2490"]
[BlackElo "2369"]
[PlyCount "55"]
[EventDate "2019.11.26"]
[EventType "tourn"]
[EventRounds "9"]
[EventCountry "POL"]
[EventCategory "8"]
[SourceTitle "CBM 193 Extra"]
[Source "ChessBase"]
[SourceDate "2020.01.31"]
[SourceVersion "1"]
[SourceVersionDate "2020.01.31"]
[SourceQuality "1"]

1. e4 c5 2. Nf3 Nc6 3. Bb5 Nf6 4. Nc3 g6 5. e5 Ng4 6. Bxc6 dxc6 7. 0-0 Bg7 8. Re1 0-0 9. d3 Nh6 10. Ne4 b6 11. Bf4 Ba6 12. a3 f6 13. Qd2 Nf5 14. b4 Nd4 15. bxc5 Nxf3+ 16. gxf3 fxe5 17. Bh6 Qd5 18. Bxg7 Kxg7 19. Re3 Rae8 20. Rae1 Bc8 21. cxb6 axb6 22. Ng3 Bh3 23. c4 Qd4 24. Re4 Qd6 25. Rh4 Bf5 26. Qh6+ Kf6 27. d4 Qxa3 28. Nxf5 1-0

[Event "Pardubice Czech op-A 30th"]
[Site "Pardubice"]
[Date "2019.07.22"]
[Round "4"]
[White "Grela, Kacper"]
[Black "Vakulenko, Aleksandr"]
[Result "1-0"]
[WhiteElo "2354"]
[BlackElo "2138"]
[PlyCount "61"]
[EventDate "2019.07.19"]
[EventType "swiss"]
[EventRounds "9"]
[EventCountry "CZE"]
[SourceTitle "CBM 191"]
[Source "ChessBase"]
[SourceDate "2019.08.31"]
[SourceVersion "1"]
[SourceVersionDate "2019.08.31"]
[SourceQuality "1"]

1. d4 d5 2. c4 Nc6 3. Nc3 dxc4 4. e3 e5 5. d5 Na5 6. Qa4+ c6 7. dxc6 Nxc6 8. Bxc4 Nf6 9. Nf3 Bd6 10. e4 Bd7 11. Qd1 Bg4 12. h3 Bxf3 13. Qxf3 Nd4 14. Qd3 a6 15. 0-0 Rc8 16. Be3 0-0 17. Rad1 Bb8 18. a4 Qa5 19. Bg5 Nd7 20. Nd5 Nc5 21. Qe3 Qxa4 22. b3 Ncxb3 23. Bf6 Rc6 24. Qg5 Rxf6 25. Nxf6+ Kh8 26. Nh5 Rg8 27. Bxf7 h6 28. Qg4 g6 29. Bxg8 gxh5 30. Qc8 Kg7 31. Qxb8 1-0

[Event "Krakow op-A 29th"]
[Site "Krakow"]
[Date "2018.12.31"]
[Round "6"]
[White "Grela, Kacper"]
[Black "Cukrowski, Filip"]
[Result "1/2-1/2"]
[WhiteElo "2305"]
[BlackElo "2416"]
[PlyCount "41"]
[EventDate "2018.12.27"]
[EventType "swiss"]
[EventRounds "9"]
[EventCountry "POL"]
[SourceTitle "CBM 188 Extra"]
[Source "ChessBase"]
[SourceDate "2019.02.26"]
[SourceVersion "1"]
[SourceVersionDate "2019.02.26"]
[SourceQuality "1"]

1. d4 Nf6 2. c4 e6 3. Nf3 b6 4. Bf4 d5 5. e3 Bd6 6. Bxd6 Qxd6 7. Nc3 0-0 8. Bd3 Ba6 9. cxd5 exd5 10. 0-0 Bxd3 11. Qxd3 c6 12. Rab1 Nbd7 13. b4 Rac8 14. Rfd1 Rfe8 15. b5 c5 16. dxc5 Nxc5 17. Qd4 Nce4 18. Nxe4 Nxe4 19. Rbc1 Qa3 20. Rxc8 Rxc8 21. Qxd5 1/2-1/2

[Event "Krakow op-A 29th"]
[Site "Krakow"]
[Date "2018.12.29"]
[Round "3"]
[White "Jarmula, Lukasz"]
[Black "Grela, Kacper"]
[Result "1/2-1/2"]
[WhiteElo "2481"]
[BlackElo "2305"]
[PlyCount "68"]
[EventDate "2018.12.27"]
[EventType "swiss"]
[EventRounds "9"]
[EventCountry "POL"]
[SourceTitle "CBM 188 Extra"]
[Source "ChessBase"]
[SourceDate "2019.02.26"]
[SourceVersion "1"]
[SourceVersionDate "2019.02.26"]
[SourceQuality "1"]

1. d4 d5 2. c4 e6 3. Nc3 Be7 4. Nf3 Nf6 5. Bg5 0-0 6. e3 h6 7. Bh4 Ne4 8. Bxe7 Qxe7 9. Rc1 c6 10. g4 Nd7 11. h4 e5 12. cxd5 Nxc3 13. Rxc3 cxd5 14. g5 h5 15. dxe5 Nxe5 16. Nxe5 Qxe5 17. Be2 g6 18. f4 Qe7 19. Qxd5 Bf5 20. Bf3 Rfd8 21. Qe5 Qb4 22. 0-0 Qxb2 23. Rb3 Qxa2 24. Rxb7 Rac8 25. Qe7 a5 26. Rf2 Qc4 27. Be2 Bd3 28. Bxd3 Rxd3 29. Kh2 a4 30. Ra7 Qd5 31. f5 Qc4 32. fxg6 Qxh4+ 33. Kg2 Qg4+ 34. Kh2 Qh4+ 1/2-1/2

[Event "Krakow op-A 29th"]
[Site "Krakow"]
[Date "2018.12.28"]
[Round "2"]
[White "Strybuk, Artsiom I"]
[Black "Grela, Kacper"]
[Result "0-1"]
[WhiteElo "2172"]
[BlackElo "2305"]
[PlyCount "118"]
[EventDate "2018.12.27"]
[EventType "swiss"]
[EventRounds "9"]
[EventCountry "POL"]
[SourceTitle "CBM 188 Extra"]
[Source "ChessBase"]
[SourceDate "2019.02.26"]
[SourceVersion "1"]
[SourceVersionDate "2019.02.26"]
[SourceQuality "1"]

1. d4 Nf6 2. c4 e6 3. Nc3 d5 4. Nf3 Be7 5. g3 dxc4 6. Bg2 Nbd7 7. Nd2 Nb6 8. Nxc4 Nxc4 9. Qa4+ c6 10. Qxc4 0-0 11. 0-0 Qa5 12. Rb1 b5 13. b4 bxc4 14. bxa5 Nd5 15. Bd2 Ba6 16. e4 Nb4 17. e5 Rfd8 18. Be3 Rab8 19. a3 Nd5 20. Bxd5 exd5 21. Rxb8 Rxb8 22. Rb1 Rb3 23. Rxb3 cxb3 24. Bc1 Bd8 25. Bb2 Bxa5 26. f4 c5 27. Na4 cxd4 28. Bxd4 Bb5 29. Nb2 h5 30. Kf2 a6 31. Ke3 Kh7 32. Bc5 Kg6 33. Kd4 Bc4 34. Bb4 Bb6+ 35. Bc5 Bd8 36. Bf8 Kf5 37. Bxg7 Bb6+ 38. Kc3 Ba5+ 39. Kd4 Bb6+ 40. Kc3 Kg4 41. Bf6 Bc5 42. a4 Ba3 43. Bg7 Kf5 44. h3 a5 45. Nd1 Ke4 46. Kd2 d4 47. g4 hxg4 48. hxg4 b2 49. Nxb2 Bxb2 50. f5 Bb3 51. e6 Bc3+ 52. Kc1 fxe6 53. fxe6 Bxe6 54. g5 Kd3 55. Bf6 Bf5 56. Kd1 Kc4 57. Be5 d3 58. Bf4 Kb3 59. Bc7 Bg4+ 0-1